Statistics for New South Wales Premiers Quiz

Click here to take the quiz!

General Stats

  • This quiz has been taken 8 times
    (3 since last reset)
  • The average score is 12 of 46

Answer Stats

HintAnswer% Correct
2011-2014Barry O'Farrell
67%
1995-2005Bob Carr
67%
2021-PresentDominic Perrottet
67%
1976-1976Eric Willis
67%
2017-2021Gladys Berejiklian
67%
1925-1927 1930-1932Jack Lang
67%
1964-1965Jack Renshaw
67%
1992-1995John Fahey
67%
2009-2011Kristina Keneally
67%
2014-2017Mike Baird
67%
2005-2008Morris Iemma
67%
2008-2009Nathan Rees
67%
1976-1986Neville Wran
67%
1965-1975Robert Askin
67%
1986-1988Barrie Unsworth
33%
1856-1856 1857-1859 1861-1863 1865-1866 1870-1870Charles Cowper
33%
1872-1875 1877-1877 1878-1883 1887-1889 1889-1891Henry Parkes
33%
1863-1865 1866-1868 1870-1872James Martin
33%
1952-1959Joseph Cahill
33%
1988-1992Nick Greiner
33%
1856-1856Stuart Donaldson
33%
1975-1976Tom Lewis
33%
1941-1947William McKell
33%
1939-1941Alexander Mair
0%
1883-1885Alexander Stuart
0%
1932-1939Bertram Stevens
0%
1959-1964Bob Heffron
0%
1907-1910Charles Wade
0%
1885-1885 1889-1889 1891-1894George Dibbs
0%
1921-1921 1922-1925George Fuller
0%
1894-1899George Reid
0%
1856-1857Henry Parker
0%
1921-1921 1921-1922James Dooley
0%
1877-1878James Farnell
0%
1947-1952James McGirr
0%
1910-1913James McGowen
0%
1860-1861 1868-1870 1875-1877 1877-1877 1885-1886John Robertson
0%
1901-1904John See
0%
1920-1921John Storey
0%
1904-1907Joseph Carruthers
0%
1886-1887Patrick Jennings
0%
1927-1930Thomas Bavin
0%
1904-1904Thomas Waddell
0%
1859-1860William Forster
0%
1913-1920William Holman
0%
1899-1901William Lyne
0%

Score Distribution

Percentile by Number Answered

Percent of People with Each Score

Your Score History

You have not taken this quiz since the last reset